000 01671nam0a2200313 4500
001 RU\NLR\bibl\1499840
005 20250616015634.0
021 _aRU
_b2010-6970
035 _a(NLR Aleph) 001491304
090 _a1764866
_c1764866
100 _a20100416d2008 |||y0rusy50 ca
101 0 _arus
_alat
102 _aRU
105 _aa |||||||||
200 1 _aЛатинская Анатомическая терминология
_eучебно-методическое пособие
_fЮ.М. Малофеев, С.Н. Чебаков
_gМ-во сел. хоз-ва Рос. Федерации, Федер. гос. образоват. учреждение высш. проф. образования "Алтай. гос. аграр. ун-т"
210 _aБарнаул
_cИзд-во АГАУ
_d2008
215 _a106 с.
_cил.
_d21
300 _aТекст парал. на рус. и лат. яз.
606 1 _aЛатинский язык
_jУчебно-методические пособия для высших учебных заведений
_xТерминология ветеринарная
_91433907
_3RU\NLR\auth\66606211
606 1 _aДомашние животные
_jУчебно-методические пособия для высших учебных заведений
_xАнатомия
_91022212
_3RU\NLR\auth\6673102
686 _aП526.6я73
686 _aШ146.16-34я7
700 1 _aМалофеев
_bЮ. М.
_gЮрий Михайлович
_4070
701 1 _aЧебаков
_bС. Н.
_gСергей Николаевич
_4070
801 0 _aRU
_bNLR
_c20100416
_gRCR
801 1 _aRU
_bNLR
_c20100416
942 _cBOOK
980 _aNB